000
00237nam a2200097Ia 4500
001
640564
005
20250826153450.0
008
250824s9999 xx 000 0 und d
245
0
_a
HAYALET X
_c
KJARTAN POSKITT
260
_b
EĞLENCELİ BİLGİ
999
_c
640564
_d
640564